Łańcuch piłkarzy - zdjęcia #6 - Statystyki

Ogólne statystyki
  • Ten quiz został rozwiązany 61 razy
  • Średni wynik to 8 z 20
Statystyki odpowiedzi
Obrazkowy Odpowiedź % Poprawnych
Ronaldo
98%
Keylor Navas
84%
Jules Kounde
77%
Jaap Stam
74%
Alessandro Del Piero
70%
Fernando Hierro
70%
David Ospina
60%
John Arne Riise
60%
Michael Owen
51%
Marcos Rojo
46%
Bas Dost
28%
Paul Gascoigne
28%
Philippe Senderos
26%
Paolo Rossi
18%
Janusz Jojko
16%
Giuseppe Signori
7%
Paolo Negro
4%
Daniel Amokachi
2%
Georgi Asparuchow
2%
Vicente Engonga
2%
Nie znaleziono quizów pasujących do podanych kryteriów
Rozkład punktacji
Procent ludzi z każdym wynikiem
Percentyl według liczby udzielonych odpowiedzi
Twoja historia wyników
Nie rozwiązałeś tego quizu